000 00678nam a2200205Ia 4500
001 21023
003 GE_BSU
008 181216s||||||||xx |||||||||||||| ||und||
040 _cGE_BSU
245 _aХранение и переработка сельхозсырья. №4/2017
245 _bНаучно-теоретический журнал
245 _cГл. ред. О.П. Преснякова
260 _aМосква
260 _c2017
300 _a64 стр. 30см. илл.
653 _aПериодика
653 _aХранение и переработка сельхозсырья. №4/2017
653 _aპერიოდიკა
942 _cCR
999 _c53972
_d53972